ბათუმის შოთა რუსთაველის სახელმწიფო უნივერსიტეტის ბიბლიოთეკა

ვინა ხარ შენ, И.Сталин (ბიბ.ჩანაწერი № 41715)

000 -LEADER
fixed length control field 00832nam a2200217Ia 4500
001 - CONTROL NUMBER
control field 8395
003 - CONTROL NUMBER IDENTIFIER
control field GE_BSU
008 - FIXED-LENGTH DATA ELEMENTS--GENERAL INFORMATION
fixed length control field 181216s||||||||xx |||||||||||||| ||und||
040 ## - CATALOGING SOURCE
Transcribing agency GE_BSU
100 ## - MAIN ENTRY--PERSONAL NAME
Personal name ეგაძე, ოთარ
245 ## - TITLE STATEMENT
Title ვინა ხარ შენ, И.Сталин
245 ## - TITLE STATEMENT
Remainder of title დოკუმენტური პოლიტიკური რომანი. 2 ნაწ.
245 ## - TITLE STATEMENT
Statement of responsibility, etc. რედ. გულიკო ხეთაგური. მხატვ. ო.გორალევიჩი
260 ## - PUBLICATION, DISTRIBUTION, ETC.
Place of publication, distribution, etc. თბილისი
260 ## - PUBLICATION, DISTRIBUTION, ETC.
Name of publisher, distributor, etc. მერანი
260 ## - PUBLICATION, DISTRIBUTION, ETC.
Date of publication, distribution, etc. 1991
300 ## - PHYSICAL DESCRIPTION
Extent 910გვ.20სმ.
653 ## - INDEX TERM--UNCONTROLLED
Uncontrolled term დოკუმენტური პოლიტიკური რომანი
653 ## - INDEX TERM--UNCONTROLLED
Uncontrolled term ვინა ხარ შენ, И.Сталин
942 ## - ADDED ENTRY ELEMENTS (KOHA)
Koha item type წიგნი
ეგზემპლარები
Withdrawn status Lost status Damaged status Not for loan Date acquired Barcode Date last seen Price effective from Koha item type
        2018-12-17 30321 2018-12-17 2018-12-17 წიგნი
        2018-12-17 30322 2018-12-17 2018-12-17 წიგნი
        2018-12-17 30323 2018-12-17 2018-12-17 წიგნი
        2018-12-17 30324 2018-12-17 2018-12-17 წიგნი